The Management of urban property. Contributors M E T Thorncroft (et al) (Record no. 93447)

MARC details
000 -LEADER
fixed length control field 00704cam a2200193 4500
008 - FIXED-LENGTH DATA ELEMENTS--GENERAL INFORMATION
fixed length control field 090401t1972 xxu||||| |||| 00| 0 eng d
020 ## - INTERNATIONAL STANDARD BOOK NUMBER
International Standard Book Number 0902132075
035 ## - SYSTEM CONTROL NUMBER
System control number (Sirsi) u54252
041 ## - LANGUAGE CODE
Language code of text/sound track or separate title eng
100 ## - MAIN ENTRY--PERSONAL NAME
Personal name Johnson, T.A (ed)
245 #4 - TITLE STATEMENT
Title The Management of urban property. Contributors M E T Thorncroft (et al)
260 ## - PUBLICATION, DISTRIBUTION, ETC.
Place of publication, distribution, etc. London
Name of publisher, distributor, etc. College of Estate Management
Date of publication, distribution, etc. 1972
300 ## - PHYSICAL DESCRIPTION
Extent (7),210p. forms. 22cm. pbk
350 ## - PRICE (NR) (BK AM CF MU VM SE) [OBSOLETE]
Price 1.65
520 ## - SUMMARY, ETC.
Summary, etc. `This book derives from a series of papers delivered to a residential course run at Reading University by the Centre for Advanced Land Use Studies in September 1970` Introduction
710 ## - ADDED ENTRY--CORPORATE NAME
Corporate name or jurisdiction name as entry element C.A.L.U.S.
9 (RLIN) 1849
942 ## - ADDED ENTRY ELEMENTS (KOHA)
Suppress in OPAC 0
948 ## - LOCAL PROCESSING INFORMATION (OCLC); SERIES PART DESIGNATOR (RLIN)
c (OCLC) 04/03/1997
Holdings
Withdrawn status Lost status Source of classification or shelving scheme Damaged status Not for loan Home library Current library Shelving location Date acquired Cost, normal purchase price Total Checkouts Full call number Barcode Date last seen Copy number Cost, replacement price Price effective from Koha item type
    Dewey Decimal Classification     London London Basement 27/10/1993 1.65   SHELF 301 30008626 06/08/2019 1 1.65 06/08/2019 Book